000
00287nam a2200097Ia 4500
001
1253367
005
20251031150952.0
008
251031s9999 xx 000 0 und d
245
0
_c
M.ALİ HACIGÖKMEN
_a
Y-4 TÜRKİYE SELÇUKLU BAŞKENTLERİ İZNİK VE KONYA
260
_b
ÇİZGİ YAYINLARI
999
_c
1253367
_d
1253367